01286nam a2200289 a 4500001001000000005001700010008004100027041000800068044000800076084002000084100004500104245012300149260005300272300004800325500009300373500005800466500012100524500001000645546002400655650005200679650005600731650003400787650004500821700003900866700004100905740005000946BRCA_328320190320204213.0130309s1858----enka---###---#000-0#eng-# aeng aenk a585b.R68c18581 aCervantes Saavedra, Miguel ded1547-161610aAdventures of Don Quixote de la ManchacTranslated from the Spanish of Miguel de Cervantes Saavedra by Charles Jarvis. aLondres : Nueva YorkbG. Routledge and Co.c1858 a1 v. en 2 partes (xvi, 506 p.)bil.c20 cm. aContenido : Primera parte. Prólogo de Cervantes. Segunda parte. Prólogo de Cervantes aEdición : A new Edition Illustrated by John Gilbert aEjemplar por completo igual al anterior [584]. Tela; lomo y planos decorados con asuntos quijotiles Lúdovik Osterc aQM460 aTexto en : inglés14aNovela españolayÉpoca clásica, 1500-170014aLiteratura españolayÉpoca clásica, 1500-170014aNovela españolaySiglo XVII14aDon Quijote (Personaje ficticio)eNovela1 aJarvis, Charlesd?-1739eTraductor1 aGilbert, Johnd1817-1897eIlustrador0 aEl Ingenioso Hidalgo Don Quijote de la Mancha